Man in the environment. (Record no. 28676)

MARC details
000 -LEADER
fixed length control field 00306nam a2200121Ia 4500
082 ## - DEWEY DECIMAL CLASSIFICATION NUMBER
Classification number 574.3
Item number MOO
100 ## - MAIN ENTRY--AUTHOR NAME
Personal name MOORE, Ruth
245 #0 - TITLE STATEMENT
Title Man in the environment.
260 ## - PUBLICATION, DISTRIBUTION, ETC. (IMPRINT)
Place of publication New York
Name of publisher Alfred A Knopf
Year of publication 1975
650 ## - SUBJECT ADDED ENTRY--TOPICAL TERM
Topical Term Environmental impact
942 ## - ADDED ENTRY ELEMENTS (KOHA)
Koha item type Books
Holdings
Withdrawn status Lost status Damaged status Not for loan Home library Current library Date acquired Full call number Accession Number Koha item type
        RRII Library RRII Library 16/12/2021 574.3 MOO 09271 Books